Prognozowanie w zarzadzaniu firma materialy z konferencji naukowej ..., Kudowa Zdrój, 30 maja - 1 czerwca 1999 r.
Saved in:
| Other Authors: | |
|---|---|
| Format: | Book |
| Language: | Polish |
| Published: |
Wroclaw
Wydawnictwo Akademii Ekonomicznej im. Oskara Langego we Wroclawiu
2000
|
| Series: | Materialy konferencyjne
Prace naukowe nr. 838 |
| Subjects: | |
| Tags: |
No Tags, Be the first to tag this record!
|
MARC
| LEADER | 00000nam a2200000 4500 | ||
|---|---|---|---|
| 001 | c122213 | ||
| 005 | 20221221083327.5 | ||
| 022 | |a 0324-8445 | ||
| 041 | 0 | |a pol | |
| 044 | |a PL | ||
| 245 | 1 | 0 | |a Prognozowanie w zarzadzaniu firma |b materialy z konferencji naukowej ..., Kudowa Zdrój, 30 maja - 1 czerwca 1999 r. |c Redaktor naukowy: Pawel Dittmann |
| 264 | 1 | |a Wroclaw |b Wydawnictwo Akademii Ekonomicznej im. Oskara Langego we Wroclawiu |c 2000 | |
| 300 | |a 126 s. | ||
| 490 | 1 | |a Materialy konferencyjne |v Prace naukowe nr. 838 | |
| 830 | 0 | |a Materialy konferencyjne |v Prace naukowe nr. 838 | |
| 610 | 2 | 0 | |a prognózovanie |
| 610 | 2 | 0 | |a riziko |
| 610 | 2 | 0 | |a úver |
| 610 | 2 | 0 | |a modely |
| 610 | 2 | 0 | |a personál |
| 610 | 2 | 0 | |a riadenie |
| 610 | 2 | 0 | |a podnik obchodný |
| 610 | 2 | 0 | |a financie |
| 610 | 2 | 0 | |a ochrana zdravia |
| 610 | 2 | 0 | |a prognózy |
| 610 | 2 | 0 | |a obce |
| 610 | 2 | 0 | |a riadenie podnikové |
| 610 | 2 | 0 | |a oceňovanie ekonomické |
| 610 | 2 | 0 | |a siete neurónové |
| 610 | 2 | 0 | |a modelovanie |
| 610 | 2 | 0 | |a prognózy podnikové |
| 610 | 2 | 0 | |a Poľsko |
| 700 | 1 | |a Dittmann, Pawel | |